00481nam a2200169Ia 4500008004100000020001800041050001400059100002300073245001700096245003300113245007800146260001500224260002400239260000900263300001400272300002500286180207s9999 xx 000 0 und d a9780375863554 bD419 2012 aDepken, Kristen L. aThumbelina : bthe world's smallest horse / cKristen L. Depken ; photographs by Austin Hargrave and Goose Creek Farms. aNew York : bRandom House, Inc., c2012 aunpaged : bcolor illustration ;